Statistiken für Städte mit "X"

Klicken Sie hier um das Quiz zu spielen!

Allgemein

  • Dieses Quiz wurde 16 mal gespielt
  • Das Durchschnittsergebnis liegt bei 2 aus 12

Antwortstatistiken

LandStadt% Korrekt
Deutschland 🇩🇪Xanten
100%
China 🇨🇳Xian
50%
China 🇨🇳Xiamen
25%
China 🇨🇳Xiangtan
0%
China 🇨🇳Xianyang
0%
China 🇨🇳Xingtai
0%
China 🇨🇳Xining
0%
China 🇨🇳Xintai
0%
China 🇨🇳Xinxiang
0%
China 🇨🇳Xinyang
0%
China 🇨🇳Xuanwei
0%
China 🇨🇳Xuzhou
0%

Verteilung der Resultate

Perzentil nach korrekt beantworteten Fragen

Anzahl Personen mit jedem Resultat

Ihre Resultats-Entwicklung

Sie haben dieses Quiz noch nicht gespielt